Регионална библиотека "Любен Каравелов" - Русе

Книга за музикалния ръководител в детската градина (Запис номер 115932)

MARC детайли
000 -Лидер
Контролно поле с фиксирана дължина 01758nam a2200397 c 4500
003 - Код на организацията, давaща контролен номер
Контролно поле BLK
005 - Дата и час на последна редакция
Контролно поле 20240620114018.0
008 - Елементи от данни с фиксирана дължина
fixed length control field 180409b bul|||||r ||||||| ||bul||
010 ## - Наследен системен номер
LC control number KNG00121453000
040 ## - Източник на каталожния запис
Идентификатор на билиотеката - собственик на записа BLK
041 ## - Код за език
Код за езика на текст/звукозапис или на отделно заглавие Български
Код за езика КДБФ Български
080 ## - УДК
Текстов определител УДК Методика по музика. Музика - учебни предмети
УДК код - определител по УДК 372.878
УДК - код + определител 372.878
139 ## - Редно поле
Редна дума Книга за музикалния ръководител в детската градина
Авторски знак Кни - К 69
245 10 - Сведения за заглавието
Заглавие Книга за музикалния ръководител в детската градина
Подзаглавни данни Ч. 1 -
Редно поле (дума) състав. Емилия Николова; под ред. на Елка Петрова.
Том Ч. 1.
257 ## - Страна на издаване
Страна на създаване/издаване България
260 ## - Област на издателските данни
Име на издателя, разпространителя и проч. Нар. просв.
Година на издаване 1984 -
Печатница За том: В. Търново : печ. Д. Найденов
Място на издаване, разпространение и проч. София
300 ## - Физическа характеристика
Размери/Мащаб 20 см
380 ## - Жанр
Жанр Обществени науки
650 #4 - Допълнително описание по предмет – тема
Основно описание – тема или топоним Музика - в предучилищното възпитание
9 (RLIN) 314381
653 ## - Ключова дума – ненормативна
Ключова дума музика
653 ## - Ключова дума – ненормативна
Ключова дума детски градини
653 ## - Ключова дума – ненормативна
Ключова дума методика на преподаването
653 ## - Ключова дума – ненормативна
Ключова дума игри
653 ## - Ключова дума – ненормативна
Ключова дума хора
653 ## - Ключова дума – ненормативна
Ключова дума танци
700 1# - Други автори (авторска отговорност)
Лично име Николова, Емилия
Автороска отговорност (Описва отношението между автора и произведението) състав.
9 (RLIN) 364091
700 1# - Други автори (авторска отговорност)
Лично име Петрова, Елка
Автороска отговорност (Описва отношението между автора и произведението) под ред. на
Друга информация Кътова, Елка Петрова
9 (RLIN) 374021
760 1# - Описание на основната серия
Място на издаване, издател и година 1984
Страници - том 144 с. : с ил., табл., ноти
Забележка - том Библиогр. с. 143.
Заглавие Ч. 1.
852 ## - Местоположение
Форматна сигнатура Цб 131268
856 4# - Електронен адрес и достъп
Електронен формат pdf - файл
856 4# - Електронен адрес и достъп
Електронен формат pdf - файл
999 ## - СИСТЕМНИ КОНТРОЛНИ НОМЕРА
Koha biblionumber 115932
Koha biblioitemnumber 115932
942 ## - АРТИКУЛИ
Вид на библиотечния материал Книги
Скрит в OPAC Не
Koha issues (borrowed), all copies 2
Периодичен библиозапис Да
944 ## - СЪЗДАВАНЕ И РЕДАКЦИЯ на ЗАПИСА
Създаване/Редакция Създаване
Дата на регистрацията/редакция 16.02.2011
Статус, дата на статуса Русанова Ирена
Служител, извършил регистрацията/редакцията 30542
944 ## - СЪЗДАВАНЕ И РЕДАКЦИЯ на ЗАПИСА
Създаване/Редакция Редакция
Дата на регистрацията/редакция 21.08.2015
Статус, дата на статуса добави в АБ / 15.02.2011
Служител, извършил регистрацията/редакцията Ирена_Линкова
999 ## - СИСТЕМНИ КОНТРОЛНИ НОМЕРА
Koha biblioitemnumber 115932
Наличности
Код за отписване Код за изгубен артикул Източник на класификационната схема Код за повреда Коз за рестрикции Код за отдаване Артикулен № Име на библиотеката - собственик Име на библиотеката, в която се намира в момента Статус (Текущо местоположение) Дата на вписване в системата Местоположение - отдел Цена в лева Инвентарен номер Систематично азбучна сигнатура Баркод Номер на екземпляра Цена в евро Служебна бележка Служебен тип на артикула
Изтеглен Не е изгубен Universal Decimal Classification Не е повреден без рестрикции ползва се в читалня 186513 Регионална библиотека "Любен Каравелов" Русе Регионална библиотека "Любен Каравелов" Русе Отдел Изкуство - читалня 1984-01-01 Отдел Изкуство - читалня 0.00 521470 И 37/К 69 521470 1 0.00 N: стар фонд Дата: 01.01.1984 Дата инв: 18.06.2012 Бележки инв: * Книги
Изтеглен Не е изгубен Universal Decimal Classification Не е повреден без рестрикции заемане за дома 186514 Регионална библиотека "Любен Каравелов" Русе Регионална библиотека "Любен Каравелов" Русе Отдел Изкуство - подръчен фонд 1984-01-01 Отдел Изкуство - подръчен фонд 0.00 521468 ИП 37/К 69 521468 2 0.00 Дост: Pk Вид: Ф N: стар фонд Дата: 01.01.1984 Дата инв: 10.02.2015 Бележки инв: ИП2015 Книги
Изтеглен Не е изгубен Universal Decimal Classification Не е повреден без рестрикции заемане за дома 186515 Регионална библиотека "Любен Каравелов" Русе Регионална библиотека "Любен Каравелов" Русе Отдел Изкуство - подръчен фонд 1984-01-01 Отдел Изкуство - подръчен фонд 0.00 521469 ИП 37/К 69 521469 3 0.00 Дост: Pk Вид: Ф N: стар фонд Дата: 01.01.1984 Дата инв: 10.02.2015 Бележки инв: ИП2015 Книги
  Не е изгубен Universal Decimal Classification Не е повреден без рестрикции ползва се в читалня 186516 Регионална библиотека "Любен Каравелов" Русе Регионална библиотека "Любен Каравелов" Русе Хранилище 1984-01-01 Хранилище 1.04 418658 Цб 131268 900000009048 4 0.53 Дост: Dp Вид: Д N: сф Дата: 01.01.1984 Книги
Vip Innovations Ltd, Rousse, Bulgaria 2025